[Event "2. Bundesliga West 2018/19"]
[Site "Hotel Servus Europa"]
[Date "2019.03.09"]
[Round "10"]
[Board "3"]
[White "Novkovic, Milan"]
[Black "Neuschmied, Siegfried"]
[Result "1/2-1/2"]
[WhiteElo "2359"]
[BlackElo "2284"]
[PlyCount "74"]
[EventDate "2018.10.12"]
[EventType "team"]
[EventRounds "11"]
[EventCountry "AUT"]
[WhiteTeam "Hohenems II"]
[BlackTeam "Kufstein/Woergl"]

1. d4 Nf6 2. Nf3 g6 3. c4 Bg7 4. Nc3 d6 5. e4 O-O 6. Be2 e5 7. Be3 Na6 8. dxe5
dxe5 9. h3 c6 10. c5 Nc7 11. O-O Nh5 12. Qxd8 Rxd8 13. Rfd1 Be6 14. Ng5 Nf4 15.
Bf1 h6 16. Nxe6 Nfxe6 17. Bc4 Nd4 18. Bxd4 Rxd4 19. Rxd4 exd4 20. Ne2 Rd8 21.
Nf4 Kf8 22. Nd3 g5 23. f3 Ne6 24. Bxe6 fxe6 25. Rc1 Ke7 26. Kf2 e5 27. Rc4 Kd7
28. a4 a6 29. Kg3 h5 30. h4 gxh4+ 31. Kxh4 Bf6+ 32. Kxh5 Rg8 33. g4 Ke6 34. Rb4
Rh8+ 35. Kg6 Rg8+ 36. Kh5 Rh8+ 37. Kg6 Rg8+  1/2-1/2

[Event "2. Bundesliga West 2018/19"]
[Site "Hotel Servus Europa"]
[Date "2019.03.09"]
[Round "10"]
[Board "4"]
[White "Blaskowski, Johannes"]
[Black "Atlas, Dmitry"]
[Result "0-1"]
[WhiteElo "2301"]
[BlackElo "2184"]
[PlyCount "92"]
[EventDate "2018.10.12"]
[EventType "team"]
[EventRounds "11"]
[EventCountry "AUT"]
[WhiteTeam "Kufstein/Woergl"]
[BlackTeam "Hohenems II"]

1. e4 e6 2. d4 d5 3. exd5 exd5 4. Qf3 Nf6 5. h3 c5 6. Bb5+ Nc6 7. Ne2 cxd4 8.
Nxd4 Bd7 9. Be3 a6 10. Bd3 Ne5 11. Qe2 Nxd3+ 12. Qxd3 g6 13. Nc3 Bg7 14. O-O
O-O 15. Rad1 h6 16. f4 Re8 17. Bf2 Ne4 18. Nxd5 Bxh3 19. c4 Nxf2 20. Rxf2 Bg4
21. Nf3 Qd6 22. b3 Rad8 23. Re2 Kh7 24. Rxe8 Rxe8 25. Re1 Qc5+ 26. Kf1 Rxe1+
27. Nxe1 Qa3 28. Ne3 h5 29. Nxg4 hxg4 30. Qd7 Qxa2 31. Qxb7 Qd2 32. g3 Qe3 33.
f5 Qxg3 34. fxg6+ Kxg6 35. Qxa6+ Kh7 36. Qb7 Qf4+ 37. Ke2 Bd4 38. Ng2 Qf5 39.
Kd2 Bc5 40. Qd5 Qxd5+ 41. cxd5 Kg6 42. Kd3 f5 43. Kc4 Bd6 44. b4 f4 45. Kd4 f3
46. Nh4+ Kg5  0-1

[Event "2. Bundesliga West 2018/19"]
[Site "Hotel Servus Europa"]
[Date "2019.03.09"]
[Round "10"]
[Board "5"]
[White "Novkovic, Julia"]
[Black "Kranewitter, Norbert"]
[Result "1/2-1/2"]
[WhiteElo "2143"]
[BlackElo "2008"]
[PlyCount "127"]
[EventDate "2018.10.12"]
[EventType "team"]
[EventRounds "11"]
[EventCountry "AUT"]
[WhiteTeam "Hohenems II"]
[BlackTeam "Kufstein/Woergl"]

1. e4 c5 2. Nf3 d6 3. d4 cxd4 4. Nxd4 Nf6 5. Nc3 a6 6. g3 e5 7. Nde2 Be6 8. Bg2
Nbd7 9. a4 Rc8 10. O-O Be7 11. h3 O-O 12. b3 Qc7 13. Be3 b5 14. axb5 axb5 15.
Ra7 Qc6 16. Ra2 Ra8 17. Rb2 Nb6 18. Bg5 b4 19. Na2 d5 20. Bxf6 gxf6 21. Qd2
Rfb8 22. exd5 Bxd5 23. Bxd5 Nxd5 24. c4 bxc3 25. Naxc3 Nxc3 26. Qxc3 Qxc3 27.
Nxc3 Ra3 28. Nd5 Kf8 29. Rc1 Ra5 30. Nxe7 Kxe7 31. Rc7+ Ke6 32. Rbc2 Rxb3 33.
R2c6+ Kd5 34. Rxf6 Ra1+ 35. Kg2 e4 36. Rfxf7 Rbb1 37. Rcd7+ Kc4 38. Rc7+ Kd5
39. Rfd7+ Ke5 40. Re7+ Kd5 41. g4 Rh1 42. Kg3 Ra3+ 43. Kf4 Rf3+ 44. Kg5 Rhxh3
45. Rcd7+ Kc6 46. Rd4 Rxf2 47. Rexe4 Rfh2 48. Kf6 Rg2 49. Rc4+ Kb5 50. Rb4+ Kc5
51. Rec4+ Kd5 52. Rd4+ Kc5 53. Rbc4+ Kb5 54. Rc8 Rf3+ 55. Kg5 Rf7 56. Rd5+ Kb6
57. Rg8 Rf1 58. Rd6+ Kc5 59. Ra6 Rh1 60. Ra5+ Kc6 61. Ra6+ Kd5 62. Ra5+ Kc6 63.
Ra4 Kc5 64. Ra5+  1/2-1/2

[Event "2. Bundesliga West 2018/19"]
[Site "Hotel Servus Europa"]
[Date "2019.03.09"]
[Round "10"]
[Board "6"]
[White "Maltsev, Oleg"]
[Black "Engelhart, Achim"]
[Result "1/2-1/2"]
[WhiteElo "2057"]
[BlackElo "2126"]
[PlyCount "69"]
[EventDate "2018.10.12"]
[EventType "team"]
[EventRounds "11"]
[EventCountry "AUT"]
[WhiteTeam "Kufstein/Woergl"]
[BlackTeam "Hohenems II"]

1. d4 d5 2. c4 dxc4 3. Nc3 a6 4. g3 b5 5. Bg2 c6 6. Nf3 e6 7. Ne5 Bb7 8. e3 Nf6
9. Qf3 Be7 10. Ne4 O-O 11. Ng5 Qd5 12. O-O Qxf3 13. Bxf3 Nfd7 14. Nxd7 Nxd7 15.
Ne4 e5 16. Nc3 exd4 17. exd4 Nf6 18. a3 Rfd8 19. Re1 Kf8 20. Be3 Nd5 21. Ne4 h6
22. Bd2 Nf6 23. Bc3 Nxe4 24. Bxe4 Bf6 25. Rad1 Kg8 26. a4 g6 27. Rd2 Kg7 28.
Red1 Rd7 29. Ba5 Re8 30. Bg2 Rde7 31. Kf1 Rd7 32. Bh3 Rd5 33. Bg2 Rd7 34. Bh3
Rd5 35. Bg2  1/2-1/2

[Event "2. Bundesliga West 2018/19"]
[Site "Hotel Servus Europa"]
[Date "2019.03.10"]
[Round "11"]
[Board "1"]
[White "Hertneck, Gerald"]
[Black "Bilchinski, Anton"]
[Result "1/2-1/2"]
[WhiteElo "2487"]
[BlackElo "2301"]
[PlyCount "82"]
[EventDate "2018.10.12"]
[EventType "team"]
[EventRounds "11"]
[EventCountry "AUT"]
[WhiteTeam "Sparkasse Neumarkt"]
[BlackTeam "Pradl"]

1. d4 Nf6 2. Nf3 e6 3. c4 b6 4. g3 Ba6 5. b3 b5 6. cxb5 Bxb5 7. Bg2 d5 8. Nc3
Ba6 9. Ne5 c6 10. O-O Nbd7 11. Nd3 Be7 12. Be3 Rc8 13. Rc1 Ng4 14. Qd2 Nxe3 15.
Qxe3 c5 16. dxc5 Bxd3 17. Qxd3 Nxc5 18. Qb5+ Qd7 19. b4 Nb7 20. e4 Bf6 21.
Qxd7+ Kxd7 22. Nxd5 Bb2 23. Rb1 Be5 24. Ne3 Ke7 25. Rfd1 Nd6 26. f4 Bc3 27. Rb3
Nb5 28. Bf1 Nd4 29. Ra3 Rc7 30. b5 Rd8 31. Kf2 Bb4 32. Rad3 Bc5 33. Kg2 Bb6 34.
R3d2 Nc2 35. Nxc2 Rxc2 36. Rxc2 Rxd1 37. e5 Ba5 38. Rc6 Rd2+ 39. Kh3 Bb6 40. a4
h6 41. g4 Rf2  1/2-1/2

[Event "2. Bundesliga West 2018/19"]
[Site "Hotel Servus Europa"]
[Date "2019.03.10"]
[Round "11"]
[Board "2"]
[White "Wohlfahrt, Herbert"]
[Black "Barseghyan, Harutyun"]
[Result "0-1"]
[WhiteElo "2262"]
[BlackElo "2466"]
[PlyCount "116"]
[EventDate "2018.10.12"]
[EventType "team"]
[EventRounds "11"]
[EventCountry "AUT"]
[WhiteTeam "Pradl"]
[BlackTeam "Sparkasse Neumarkt"]

1. Nf3 d5 2. c4 dxc4 3. Na3 a6 4. Nxc4 b5 5. Ne3 Bb7 6. g3 e5 7. d3 Bxf3 8.
exf3 Bb4+ 9. Bd2 Bxd2+ 10. Qxd2 Ne7 11. Bg2 Nbc6 12. O-O Qd6 13. Rac1 O-O 14.
f4 exf4 15. Nf5 Nxf5 16. Rxc6 Qd4 17. Qxf4 Qxf4 18. gxf4 Nd4 19. Rxc7 Rac8 20.
Ra7 Rc2 21. Rb1 Ne2+ 22. Kf1 Nxf4 23. Rxa6 Rfc8 24. Ra8 Rxa8 25. Bxa8 f5 26.
Bf3 Kf8 27. a4 bxa4 28. Bd1 Rd2 29. Bxa4 Nxd3 30. b4 Rxf2+ 31. Kg1 Rf4 32. Bc2
Nxb4 33. Bxf5 g6 34. Bc8 Kg7 35. Rb3 h5 36. Bb7 Nc2 37. Kg2 Kh6 38. Kg3 Rg4+
39. Kf2 Nd4 40. Re3 Rf4+ 41. Kg2 Rf6 42. Re5 Rb6 43. Ba8 Rb2+ 44. Kg1 g5 45.
Ra5 g4 46. Ra1 Kg5 47. Rd1 Ne2+ 48. Kh1 Nf4 49. Rf1 h4 50. Ra1 h3 51. Kg1 Kh4
52. Kh1 Nh5 53. Kg1 g3 54. Ra4+ Kg5 55. Ra5+ Kh6 56. Ra6+ Kg7 57. Ra7+ Kh8 58.
Bf3 Rb1+  0-1

[Event "2. Bundesliga West 2018/19"]
[Site "Hotel Servus Europa"]
[Date "2019.03.10"]
[Round "11"]
[Board "3"]
[White "Manakov, Ilya"]
[Black "Meier, Alexander"]
[Result "1-0"]
[WhiteElo "2361"]
[BlackElo "2232"]
[PlyCount "83"]
[EventDate "2018.10.12"]
[EventType "team"]
[EventRounds "11"]
[EventCountry "AUT"]
[WhiteTeam "Sparkasse Neumarkt"]
[BlackTeam "Pradl"]

1. Nf3 d6 2. g3 e5 3. d3 f5 4. Bg2 Nf6 5. O-O Be7 6. c4 O-O 7. Nc3 c5 8. a3 Nc6
9. Bg5 a6 10. Rb1 a5 11. Ne1 Rb8 12. Nc2 Nd4 13. b4 axb4 14. axb4 Ne6 15. Bxf6
Rxf6 16. bxc5 dxc5 17. Ne3 Nc7 18. Ned5 Nxd5 19. Nxd5 Rh6 20. e3 Bd6 21. f4
exf4 22. exf4 Bd7 23. Nc3 Qf6 24. Bd5+ Kh8 25. Nb5 Bxb5 26. Rxb5 Qd4+ 27. Kg2
b6 28. Qe2 Rf6 29. Re1 Rff8 30. Qe3 Qc3 31. Re2 h6 32. Rb1 Kh7 33. Rbe1 Rbd8
34. Qf3 Qd4 35. Re6 Rf6 36. Rxf6 Qxf6 37. Re6 Qb2+ 38. Kh3 Qb1 39. Qh5 Qf1+ 40.
Kh4 Rf8 41. Qg6+ Kh8 42. Rxd6  1-0

[Event "2. Bundesliga West 2018/19"]
[Site "Hotel Servus Europa"]
[Date "2019.03.10"]
[Round "11"]
[Board "4"]
[White "Doskocil, Klaus"]
[Black "De Visser, Leon"]
[Result "1-0"]
[WhiteElo "2190"]
[BlackElo "2243"]
[PlyCount "105"]
[EventDate "2018.10.12"]
[EventType "team"]
[EventRounds "11"]
[EventCountry "AUT"]
[WhiteTeam "Pradl"]
[BlackTeam "Sparkasse Neumarkt"]

1. d4 Nf6 2. Bf4 c5 3. d5 g6 4. Nc3 b5 5. Nxb5 Qa5+ 6. Nc3 Bg7 7. Qd2 Ba6 8. g3
d6 9. Bg2 Nbd7 10. Nd1 Qxd2+ 11. Bxd2 Rb8 12. e4 Nb6 13. Rb1 O-O 14. Ne2 Nfd7
15. Bc3 f5 16. Bxg7 Kxg7 17. Nf4 Rf7 18. Ne3 fxe4 19. Bxe4 Na4 20. Ne6+ Kh8 21.
Nc7 Bc8 22. Nd1 Nf8 23. O-O Bd7 24. Re1 Rf6 25. Bd3 Rc8 26. Na6 c4 27. Bf1 Bb5
28. Nb4 Rf7 29. Bg2 a5 30. Nc6 Bxc6 31. dxc6 e6 32. b3 Nb6 33. bxc4 Nxc4 34.
Rb7 Kg7 35. Ne3 Ne5 36. Rb6 Rfc7 37. Rd1 Nxc6 38. Bxc6 Rxc6 39. Rxd6 Rc3 40.
Rb7+ Kf6 41. Rb3 R3c5 42. Ra6 Nd7 43. Rb7 Ne5 44. Rxh7 Rd8 45. f4 Nc6 46. Rc7
Rd6 47. c4 g5 48. h4 gxf4 49. gxf4 Kg6 50. a4 Kh5 51. Ra8 Kxh4 52. Rg8 Rh5 53.
Rcg7  1-0

[Event "2. Bundesliga West 2018/19"]
[Site "Hotel Servus Europa"]
[Date "2019.03.10"]
[Round "11"]
[Board "5"]
[White "Harringer, Franz"]
[Black "Everett, Elijah"]
[Result "1/2-1/2"]
[WhiteElo "2201"]
[BlackElo "2232"]
[PlyCount "96"]
[EventDate "2018.10.12"]
[EventType "team"]
[EventRounds "11"]
[EventCountry "AUT"]
[WhiteTeam "Sparkasse Neumarkt"]
[BlackTeam "Pradl"]

1. e4 c5 2. Nf3 d6 3. d4 cxd4 4. Nxd4 Nf6 5. Nc3 a6 6. Bc4 e6 7. Bb3 b5 8. Bg5
Be7 9. Qf3 Qc7 10. e5 Bb7 11. exd6 Bxd6 12. Qe3 Bc5 13. O-O-O Nc6 14. Qxe6+
fxe6 15. Nxe6 Qe7 16. Rhe1 Qxe6 17. Rxe6+ Ne7 18. Rde1 Rd8 19. Bxf6 gxf6 20.
Ne4 Bxe4 21. R1xe4 f5 22. R4e5 Bd6 23. Rxf5 Kd7 24. Rff6 Kc7 25. c4 Ng6 26. c5
Be7 27. Rxg6 hxg6 28. Rxe7+ Kc6 29. h3 Rhf8 30. f3 Kxc5 31. Re5+ Kc6 32. Bc2
Rf6 33. Be4+ Kd6 34. Rg5 Rc8+ 35. Kd2 Rc5 36. h4 Rxg5 37. hxg5 Re6 38. Ke3 Ke7
39. Kd4 Rd6+ 40. Bd5 Rd8 41. f4 Rc8 42. Be4 Kf7 43. g4 Rc1 44. f5 gxf5 45. gxf5
Rg1 46. Bd5+ Ke7 47. g6 Kf6 48. Be6 Rc1  1/2-1/2

[Event "2. Bundesliga West 2018/19"]
[Site "Hotel Servus Europa"]
[Date "2019.03.10"]
[Round "11"]
[Board "6"]
[White "Matt, Stefan"]
[Black "Egger, Martin"]
[Result "1-0"]
[WhiteElo "2174"]
[BlackElo "2043"]
[PlyCount "124"]
[EventDate "2018.10.12"]
[EventType "team"]
[EventRounds "11"]
[EventCountry "AUT"]
[WhiteTeam "Pradl"]
[BlackTeam "Sparkasse Neumarkt"]

1. e4 e5 2. Nf3 Nc6 3. d4 exd4 4. Nxd4 Nf6 5. Nxc6 bxc6 6. e5 Qe7 7. Qe2 Nd5 8.
c4 Ba6 9. b3 g6 10. g3 Bg7 11. Bb2 O-O 12. Bg2 Rfe8 13. O-O Bxe5 14. Bxe5 Qxe5
15. Qxe5 Rxe5 16. cxd5 Bxf1 17. Kxf1 cxd5 18. Nc3 c6 19. Rc1 Kf8 20. Na4 Rb8
21. Nc5 Re7 22. Nd3 f5 23. Rc5 Rb6 24. Bf3 Kg7 25. Be2 Kf6 26. Ke1 g5 27. Kd2
d6 28. Rc1 a5 29. Bf3 Ra7 30. Nb2 c5 31. Bxd5 Rb4 32. Bc4 d5 33. Be2 c4 34. Bd1
cxb3 35. axb3 Rd4+ 36. Nd3 f4 37. Rc6+ Kf7 38. Kc3 Re4 39. Bf3 d4+ 40. Kc4 Ree7
41. Bd5+ Kg7 42. gxf4 a4 43. f5 Rec7 44. f6+ Kf8 45. bxa4 Rxa4+ 46. Nb4 Rxc6+
47. Bxc6 Ra5 48. Bd5 Ra4 49. Kb3 Ra5 50. f7 Rc5 51. Bc4 Rf5 52. Nd3 h5 53. Kc2
g4 54. Kd2 h4 55. Ke2 Ke7 56. Kf1 g3 57. hxg3 hxg3 58. f4 Rf6 59. Kg2 Rc6 60.
Ne5 Rd6 61. Kxg3 Kf8 62. f5 d3  1-0

[Event "2. Bundesliga West 2018/19"]
[Site "Hotel Servus Europa"]
[Date "2019.03.10"]
[Round "11"]
[Board "2"]
[White "Moroder, Stefan"]
[Black "Ager, Josef"]
[Result "1-0"]
[WhiteElo "2158"]
[BlackElo "2174"]
[PlyCount "63"]
[EventDate "2018.10.12"]
[EventType "team"]
[EventRounds "11"]
[EventCountry "AUT"]
[WhiteTeam "Rochade Rum"]
[BlackTeam "Ranshofen"]

1. d4 Nf6 2. c4 g6 3. Nc3 d5 4. h4 c6 5. Nf3 Bg7 6. Bg5 Ne4 7. e3 Nxg5 8. hxg5
dxc4 9. Bxc4 b5 10. Bb3 a6 11. Ne4 Nd7 12. Rc1 Bb7 13. Rh4 O-O 14. Nc5 Nxc5 15.
Rxc5 Qd6 16. Qc2 a5 17. a3 Ra6 18. Ne5 e6 19. Ng4 Qe7 20. g3 Bc8 21. Qe4 Bd7
22. Qh1 f5 23. gxf6 Bxf6 24. Nxf6+ Rxf6 25. Bc2 b4 26. a4 b3 27. Bd3 Rb6 28.
Ke2 Be8 29. Rxa5 h5 30. g4 Rf8 31. gxh5 gxh5 32. Qg2+  1-0

[Event "2. Bundesliga West 2018/19"]
[Site "Hotel Servus Europa"]
[Date "2019.03.10"]
[Round "11"]
[Board "3"]
[White "Stadler, Alexander"]
[Black "Jedinger, Andreas"]
[Result "1-0"]
[WhiteElo "2114"]
[BlackElo "2108"]
[PlyCount "73"]
[EventDate "2018.10.12"]
[EventType "team"]
[EventRounds "11"]
[EventCountry "AUT"]
[WhiteTeam "Ranshofen"]
[BlackTeam "Rochade Rum"]

1. d4 Nf6 2. Bf4 g6 3. Nc3 d6 4. e4 a6 5. a4 Bg7 6. Qd2 O-O 7. Be2 c5 8. d5 Qa5
9. Ra3 Re8 10. Nf3 Bg4 11. O-O Nbd7 12. Re1 Bxf3 13. Bxf3 c4 14. g4 Nc5 15. h4
Nfd7 16. Kg2 Ne5 17. Bd1 Qc7 18. h5 b5 19. axb5 axb5 20. Rxa8 Rxa8 21. Bh6 b4
22. Nb5 Qd7 23. Bxg7 Kxg7 24. Nd4 Nxg4 25. Ne6+ fxe6 26. Bxg4 Qe8 27. dxe6 Qf8
28. Qd4+ Qf6 29. e5 dxe5 30. Qxc5 gxh5 31. Bh3 Rg8 32. Kf1 Kh6 33. Qxe5 Qh4 34.
Qe3+ Rg5 35. Rd1 c3 36. b3 Kg6 37. Rd4  1-0

[Event "2. Bundesliga West 2018/19"]
[Site "Hotel Servus Europa"]
[Date "2019.03.10"]
[Round "11"]
[Board "4"]
[White "Berchtold, Clemens"]
[Black "Schwarzmeier, Klaus"]
[Result "0-1"]
[WhiteElo "2024"]
[BlackElo "2187"]
[PlyCount "100"]
[EventDate "2018.10.12"]
[EventType "team"]
[EventRounds "11"]
[EventCountry "AUT"]
[WhiteTeam "Rochade Rum"]
[BlackTeam "Ranshofen"]

1. d4 d5 2. c4 c6 3. Nc3 dxc4 4. e4 b5 5. a4 b4 6. Nce2 e6 7. Ng3 Ba6 8. Nf3
Qa5 9. Ne5 c3 10. bxc3 bxc3 11. Qf3 Nf6 12. Nc4 Bxc4 13. Bxc4 Bb4 14. O-O Nbd7
15. Bd3 e5 16. Ne2 O-O 17. Bc2 Rfe8 18. Ba3 exd4 19. Nxd4 Bxa3 20. Rxa3 Qc5 21.
Qxc3 Qxc3 22. Rxc3 Nxe4 23. Rxc6 Nef6 24. h3 Rac8 25. Rb1 Nb6 26. Rb2 Kf8 27.
Rxc8 Rxc8 28. Nb5 Nc4 29. Nxa7 Ra8 30. Rb4 Na3 31. Bd3 Rxa7 32. Kf1 Ke7 33. Ke2
Nd5 34. Rd4 Nc3+ 35. Kd2 Nxa4 36. Bxh7 Nc5 37. Rd5 Rc7 38. Bd3 Nxd3 39. Rxd3
Rd7 40. f4 Nc4+ 41. Ke2 Rxd3 42. Kxd3 Nd6 43. g4 Ke6 44. Ke3 Kd5 45. h4 Ne4 46.
Kf3 Nf6 47. h5 Kd4 48. h6 gxh6 49. g5 hxg5 50. fxg5 Nd5  0-1

[Event "2. Bundesliga West 2018/19"]
[Site "Hotel Servus Europa"]
[Date "2019.03.10"]
[Round "11"]
[Board "5"]
[White "Spiesberger, Gerhard"]
[Black "Babinetz, Rainer"]
[Result "1-0"]
[WhiteElo "2076"]
[BlackElo "1996"]
[PlyCount "107"]
[EventDate "2018.10.12"]
[EventType "team"]
[EventRounds "11"]
[EventCountry "AUT"]
[WhiteTeam "Ranshofen"]
[BlackTeam "Rochade Rum"]

1. e4 e5 2. Nf3 d6 3. d4 exd4 4. Nxd4 Nf6 5. Nc3 Be7 6. Be2 O-O 7. O-O c6 8.
Be3 Re8 9. Qd2 Nbd7 10. Nf5 Nf8 11. Nxe7+ Qxe7 12. Bf3 Ng6 13. Rad1 Rd8 14. Bg5
h6 15. Bxf6 Qxf6 16. Qe3 Be6 17. Be2 Qf4 18. Qxf4 Nxf4 19. Bf3 b5 20. Rd2 Kf8
21. Rfd1 Ke7 22. g3 Nh3+ 23. Kg2 Ng5 24. g4 a5 25. h4 Nxf3 26. Kxf3 b4 27. Ne2
c5 28. Nf4 Ra6 29. Nd5+ Kf8 30. Nc7 Rc6 31. Nxe6+ fxe6 32. Ke3 Ke7 33. f4 g6
34. f5 gxf5 35. gxf5 Rg8 36. Kf4 h5 37. fxe6 Kxe6 38. Rh1 c4 39. Rd5 Rc5 40.
Rg5 Rf8+ 41. Ke3 Rfc8 42. Rhg1 Rxg5 43. Rxg5 Rc5 44. Rxc5 dxc5 45. c3 Ke5 46.
Kf3 a4 47. a3 Ke6 48. Kf4 Kf6 49. e5+ Ke6 50. Ke4 b3 51. Kf4 Kf7 52. Kf5 Ke7
53. e6 Ke8 54. Ke5  1-0

[Event "2. Bundesliga West 2018/19"]
[Site "Hotel Servus Europa"]
[Date "2019.03.10"]
[Round "11"]
[Board "6"]
[White "Ritzer, Franz"]
[Black "Doppelhammer, Herbert"]
[Result "1-0"]
[WhiteElo "1822"]
[BlackElo "1983"]
[PlyCount "127"]
[EventDate "2018.10.12"]
[EventType "team"]
[EventRounds "11"]
[EventCountry "AUT"]
[WhiteTeam "Rochade Rum"]
[BlackTeam "Ranshofen"]

1. e4 e5 2. Nf3 Nc6 3. Bb5 a6 4. Ba4 Nf6 5. O-O b5 6. Bb3 Bc5 7. Re1 d6 8. c3
O-O 9. h3 h6 10. d4 Bb6 11. a3 Bb7 12. Qd3 Re8 13. Nbd2 Qd7 14. Bc2 Rad8 15. b3
Qc8 16. Bb2 Ne7 17. c4 c6 18. Rad1 Ng6 19. Kh2 Re7 20. Nf1 Qb8 21. Ng3 Ree8 22.
Qd2 Bc7 23. Kg1 Kh7 24. Nf5 Bc8 25. Bc1 Ng8 26. g3 f6 27. Kg2 Be6 28. d5 Bd7
29. dxc6 Bxc6 30. cxb5 axb5 31. b4 Qb7 32. Kh2 Kh8 33. Qe2 d5 34. exd5 Bxd5 35.
Nd2 N8e7 36. Qh5 Nf8 37. Nxh6 gxh6 38. Qxh6+ Kg8 39. Qxf6 Qb6 40. Qg5+ Kf7 41.
Kg1 Qf6 42. Qh5+ Kg8 43. Ne4 Qg6 44. Qxg6+ Nfxg6 45. Nf6+ Kg7 46. Nxe8+ Rxe8
47. Bb2 Be6 48. Kh2 Rh8 49. h4 Kf6 50. f4 Nxf4 51. Rf1 Neg6 52. Bxg6 Kxg6 53.
Rxf4 exf4 54. Bxh8 fxg3+ 55. Kg2 Bc8 56. Bd4 Kh5 57. Rc1 Bb7+ 58. Kg1 Bf4 59.
Rc5+ Kxh4 60. Rxb5 Bf3 61. Rf5 Kg4 62. Rf8 g2 63. a4 Kh3 64. Rxf4  1-0

[Event "2. Bundesliga West 2018/19"]
[Site "Hotel Servus Europa"]
[Date "2019.03.10"]
[Round "11"]
[Board "1"]
[White "Breneis, Lukas"]
[Black "Rotstein, Arkadij"]
[Result "1/2-1/2"]
[WhiteElo "2192"]
[BlackElo "2481"]
[PlyCount "80"]
[EventDate "2018.10.12"]
[EventType "team"]
[EventRounds "11"]
[EventCountry "AUT"]
[WhiteTeam "SPG Oberland"]
[BlackTeam "Absam"]

1. e4 c5 2. Nf3 e6 3. d4 cxd4 4. Nxd4 Nf6 5. Nc3 d6 6. g4 a6 7. g5 Nfd7 8. Be3
Be7 9. h4 b5 10. Bd3 Bb7 11. a3 Nc6 12. Qh5 Nc5 13. f4 O-O 14. O-O-O Rc8 15.
Rhg1 Nxd3+ 16. Rxd3 Nxd4 17. Bxd4 Qc7 18. Bxg7 Kxg7 19. f5 Kh8 20. f6 Bd8 21.
Qh6 Rg8 22. h5 Bxe4 23. g6 fxg6 24. f7 Qxf7 25. Nxe4 d5 26. Nd6 Qf2 27. Rg2
Rxc2+ 28. Kd1 Qf1+ 29. Kxc2 Qxg2+ 30. Kb3 Qf1 31. Qe3 Rf8 32. hxg6 Be7 33. Nf7+
Kg8 34. Qg3 a5 35. Ka2 Bf6 36. Qc7 Bg7 37. Nh6+ Kh8 38. Nf7+ Kg8 39. Nh6+ Kh8
40. Nf7+ Kg8  1/2-1/2

[Event "2. Bundesliga West 2018/19"]
[Site "Hotel Servus Europa"]
[Date "2019.03.10"]
[Round "11"]
[Board "2"]
[White "Lehner, Oliver"]
[Black "Schnegg, Anna-Lena"]
[Result "1-0"]
[WhiteElo "2399"]
[BlackElo "2184"]
[PlyCount "99"]
[EventDate "2018.10.12"]
[EventType "team"]
[EventRounds "11"]
[EventCountry "AUT"]
[WhiteTeam "Absam"]
[BlackTeam "SPG Oberland"]

1. d4 Nf6 2. c4 b6 3. Nc3 Bb7 4. Qc2 d5 5. cxd5 Nxd5 6. Nf3 e6 7. e4 Nxc3 8.
bxc3 Nd7 9. Bb5 a6 10. Bd3 c5 11. O-O Qc7 12. Qe2 b5 13. a4 c4 14. Bc2 Be7 15.
Bg5 Bxg5 16. Nxg5 e5 17. Qh5 Nf6 18. Ne6 Qc6 19. Nxg7+ Kf8 20. Qh6 Nxe4 21.
Ne6+ Ke7 22. d5 Qxd5 23. Nc7 Qd2 24. Qh4+ Qg5 25. Qxg5+ Nxg5 26. Nxa8 Rg8 27.
Kh1 Bxa8 28. axb5 axb5 29. Ra7+ Ke6 30. h4 Nh3 31. f3 Nf4 32. Rfa1 Bc6 33. R1a6
Rc8 34. Be4 Nd5 35. g4 Kd6 36. Rxf7 Kc5 37. Bxh7 Nxc3 38. g5 b4 39. g6 b3 40.
g7 b2 41. Bc2 Bd5 42. Ra5+ Nb5 43. Rf8 Rc7 44. g8=Q Bxg8 45. Rxg8 Kb4 46. Rxb5+
Kxb5 47. Rb8+ Kc5 48. Rxb2 Kd4 49. Be4 Ke3 50. h5  1-0

[Event "2. Bundesliga West 2018/19"]
[Site "Hotel Servus Europa"]
[Date "2019.03.10"]
[Round "11"]
[Board "3"]
[White "Schnegg, Daniel"]
[Black "Weinzettl, Ernst"]
[Result "1-0"]
[WhiteElo "2117"]
[BlackElo "2220"]
[PlyCount "65"]
[EventDate "2018.10.12"]
[EventType "team"]
[EventRounds "11"]
[EventCountry "AUT"]
[WhiteTeam "SPG Oberland"]
[BlackTeam "Absam"]

1. f4 Nf6 2. Nf3 c5 3. b3 g6 4. Bb2 Bg7 5. e3 O-O 6. Be2 d6 7. O-O Nc6 8. c4 e5
9. fxe5 Ng4 10. Nc3 Ngxe5 11. Kh1 Ne7 12. Nxe5 dxe5 13. Bf3 Rb8 14. Bd5 Nxd5
15. Nxd5 Be6 16. e4 b6 17. a3 Rb7 18. Qe2 f6 19. Bc3 Rbf7 20. b4 f5 21. bxc5
bxc5 22. Qe3 fxe4 23. Rxf7 Rxf7 24. Qxc5 Bxd5 25. cxd5 Rc7 26. Qb4 Rd7 27. Qxe4
Rxd5 28. Rb1 Kh8 29. Rb7 Qf8 30. h3 Rd8 31. Bxe5 Qf1+ 32. Kh2 Bf6 33. Rf7  1-0

[Event "2. Bundesliga West 2018/19"]
[Site "Hotel Servus Europa"]
[Date "2019.03.10"]
[Round "11"]
[Board "4"]
[White "Deglmann, Ludwig"]
[Black "Moritz, Christian"]
[Result "1/2-1/2"]
[WhiteElo "2270"]
[BlackElo "2100"]
[PlyCount "72"]
[EventDate "2018.10.12"]
[EventType "team"]
[EventRounds "11"]
[EventCountry "AUT"]
[WhiteTeam "Absam"]
[BlackTeam "SPG Oberland"]

1. f4 d5 2. Nf3 c5 3. g3 Bf5 4. Bg2 e6 5. O-O h5 6. c4 Nc6 7. cxd5 exd5 8. Nh4
Be4 9. Bh3 Be7 10. d3 Bh7 11. Nf3 Nh6 12. Qb3 O-O 13. Qxb7 Nb4 14. Nc3 Bf5 15.
Bxf5 Nxf5 16. Qb5 Nc2 17. Rb1 Nfe3 18. Bxe3 Nxe3 19. Rfc1 Rb8 20. Qa4 Qb6 21.
Nd1 c4 22. d4 Qe6 23. Nxe3 Qxe3+ 24. Kf1 Rxb2 25. Qd1 Rfb8 26. Rxb2 Rxb2 27.
Rc2 Rxc2 28. Qxc2 Bf6 29. Qf5 Qe6 30. Qxe6 fxe6 31. e3 Kf7 32. Ke2 Ke8 33. Ne1
Kd7 34. Nc2 Kc6 35. e4 Bd8 36. h4 g6  1/2-1/2

[Event "2. Bundesliga West 2018/19"]
[Site "Hotel Servus Europa"]
[Date "2019.03.10"]
[Round "11"]
[Board "5"]
[White "Pali, Philipp"]
[Black "De Francesco, Klaus"]
[Result "1-0"]
[WhiteElo "2071"]
[BlackElo "2288"]
[PlyCount "113"]
[EventDate "2018.10.12"]
[EventType "team"]
[EventRounds "11"]
[EventCountry "AUT"]
[WhiteTeam "SPG Oberland"]
[BlackTeam "Absam"]

1. Nf3 d5 2. g3 Nf6 3. Bg2 Nbd7 4. c4 dxc4 5. Na3 Nb6 6. Ne5 c6 7. Naxc4 Nxc4
8. Nxc4 g6 9. O-O Bg7 10. d3 O-O 11. Bd2 Nd5 12. Qc2 Bg4 13. Rfe1 Qd7 14. Rab1
Nb6 15. b4 Nxc4 16. Qxc4 Be6 17. Qc2 Bd5 18. e4 Be6 19. Be3 Bd4 20. a4 Rfd8 21.
Bxd4 Qxd4 22. Bf1 Rd7 23. Rec1 Rad8 24. b5 cxb5 25. Rxb5 b6 26. a5 Rd6 27. axb6
Rxb6 28. Rxb6 axb6 29. Rb1 Rd6 30. Qb2 Qxb2 31. Rxb2 f6 32. Rb4 Bd7 33. d4 e5
34. d5 g5 35. Bb5 Bxb5 36. Rxb5 g4 37. h3 h5 38. hxg4 hxg4 39. f3 gxf3 40. Kf2
Kf7 41. Kxf3 Kg6 42. Kg4 f5+ 43. exf5+ Kf6 44. Rb4 Rxd5 45. Rxb6+ Kf7 46. Kg5
Rd7 47. Rf6+ Kg7 48. Re6 Rd5 49. g4 Kf7 50. Ra6 Rd7 51. Rf6+ Kg7 52. Re6 Rd5
53. f6+ Kf7 54. Re7+ Kf8 55. Kg6 Ra5 56. Rb7 Ra8 57. Rh7  1-0